Top 20 Most Jewish Countries (2012) - Statistics

General Stats
  • This quiz has been taken 174 times
  • The average score is 14 of 20
Answer Stats
% country % Correct
1.74 United States
99%
74.30 Israel
98%
1.09 Canada
96%
0.47 United Kingdom
93%
0.77 France
91%
0.15 Germany
90%
0.15 Russia
88%
0.49 Australia
76%
0.28 Belgium
76%
0.16 Ukraine
76%
0.18 Netherlands
75%
0.45 Argentina
71%
0.16 Sweden
71%
0.22 Switzerland
71%
0.17 New Zealand
64%
0.49 Hungary
58%
0.17 Belarus
54%
0.30 Latvia
44%
0.51 Uruguay
35%
0.22 Panama
18%
No matching quizzes found
Score Distribution
Percent of People with Each Score
Percentile by Number Answered
Your Score History
You have not taken this quiz